|
|
|
แสดงรายละเอียดบรรณานุกรม |
|
|
Brief Record
: Get Marc (ISO 2709)
: E-mail record
: |
| LEADER : 00000nam 2200000uu 4500 | |||
| 001 13399129194 | |||
| 003 ULIB | |||
| 008 260511s2568||||th 000 0 tha d | |||
| 020 ^a9786164221185 | |||
| 060 4 ^aWB100^bฟ129 | |||
| 245 0 ^aFrom guidelines to practice: ^bการอบรมระยะสั้นอายุรศาสตร์ในเวชปฏิบัติ ครั้งที่ 26 /^cบรรณาธิการ เนาวนิตย์ นาทา ... [และคนอื่น ๆ]. | |||
| 246 3 ^aการอบรมระยะสั้นอายุรศาสตร์ในเวชปฏิบัติ ครั้งที่ 26 | |||
| 260 ^aกรุงเทพฯ :^bโครงการตำราวิทยาลัยแพทยศาสตร์พระมงกุฎเกล้า,^c2568. | |||
| 300 ^a560 หน้า | |||
| 650 4 ^aการรักษาโรค. | |||
| 650 4 ^aการวินิจฉัยโรค. | |||
| 650 4 ^aอายุรศาสตร์. | |||
| 655 4 ^aHealth Sciences Branch. | |||
| 700 0 ^aกฤษณ์ อุปัชฌาย์,^eบรรณาธิการ. | |||
| 700 0 ^aชัชวาล อึ้งธรรมคุณ,^eบรรณาธิการ. | |||
| 700 0 ^aดุจรัตน์ สมบูรณ์วิบูลย์,^eบรรณาธิการ. | |||
| 700 0 ^aเนาวนิตย์ นาทา,^eบรรณาธิการ. | |||
| 700 0 ^aวิชัย ประยูรวิวัฒน์,^eบรรณาธิการ. | |||
| 710 2 ^aโครงการตำราวิทยาลัยแพทยศาสตร์พระมงกุฎเกล้า. | |||
| 999 ^aประนอม เกษจรัล | |||
| คุณยังไม่ได้ล็อกอิน คุณสามารถมีกิจกรรมร่วมกับเว็บไซต์ได้ แต่ต้องล็อกอินก่อน :: |
|
รายการสื่อสารสนเทศ |
| สถานะ | |||||
| 1. | หนังสือสำรอง สถานะ=หนังสือสำรอง | WB100 ฟ129 ฉ.1 Barcode: 012096 | ►หนังสือทั่วไป | บนชั้น *เพิ่งรับคืน | |
| 2. | วิทยาศาสตร์การแพทย์ และสุขภาพ | WB100 ฟ129 ฉ.2 Barcode: 012097 | ►หนังสือทั่วไป | บนชั้น *เพิ่งรับคืน | |
| 3. | วิทยาศาสตร์การแพทย์ และสุขภาพ | WB100 ฟ129 ฉ.3 Barcode: 012098 | ►หนังสือทั่วไป | บนชั้น *เพิ่งรับคืน | |
| 4. | วิทยาศาสตร์การแพทย์ และสุขภาพ | WB100 ฟ129 ฉ.4 Barcode: 012099 | ►หนังสือทั่วไป | บนชั้น *เพิ่งรับคืน | |
| 5. | วิทยาศาสตร์การแพทย์ และสุขภาพ | WB100 ฟ129 ฉ.5 Barcode: 012100 | ►หนังสือทั่วไป | บนชั้น *เพิ่งรับคืน | |
BibComment |
| คอมเมนท์ทรัพยากรรายการนี้ |
|
| |
Copyright 2026. Bcnsprnw @Library |
|